000 00427nam a22001577a 4500
005 20220902112338.0
008 220902b |||||||| |||| 00| 0 eng d
020 _a0030970857
082 _a658.15
100 _aWeston, Fred J
245 _aEssential of Management Finance
250 _a10th ed.
260 _aFort Worth:
_bHarcourt Brace College Publishers,
_c1993
300 _axv, 891p.: ill.; 23cm.
942 _2ddc
_cBK
_n0
999 _c21632
_d21632